000 00257 a2200097 4500
001 32850
100 _aCBS
245 _aProblems and Solutions of Engineering Mechanics
260 _aNew Delhi
_bCBS Publishers and Distributors
_c2002
090 _c22018
_d22018
942 _aNUST-CAE
_cM
_c13357
999 _c267923
_d267923